| 000 | 00962nam a2200277Ia 4500 | ||
|---|---|---|---|
| 003 | OSt | ||
| 005 | 20220926033936.0 | ||
| 006 | a|||||r|||| 00| 0 | ||
| 007 | ta | ||
| 008 | 220923b |||||||| |||| 00| 0 eng d | ||
| 020 |
_a9781598743548 _c1107.71 |
||
| 037 |
_b45, 14/09/2009, Better Book Service _cGeneral Book |
||
| 040 |
_aRTL _cRTL _beng |
||
| 041 |
_2eng _aeng |
||
| 082 | _aU287:(G:55)OaL:5, P9 | ||
| 100 |
_aBAER Hans A. _9339799 |
||
| 245 | 0 |
_aGlobal warming and the political ecology of health _b Emerging crises and systemic solutions. |
|
| 260 |
_aWalnut _bCreek Left Cost Press _c2009 |
||
| 300 |
_a238p _ccm. |
||
| 490 | _aAdvances In Critical Medical Anthropology | ||
| 500 | _aBibliography: P 203-31 | ||
| 650 | _aGeography | ||
| 700 |
_a SINGER Merrill _9275552 |
||
| 942 |
_hU287:(G:55)OaL:5, P9 _cGB _2CC |
||
| 999 |
_c658389 _d658389 |
||